000 00730nam a2200217 a 4500
005 20140310183535.0
008 111014s19uu xx 00 eng d
020 _a9781422123119
050 _aHF 5549.2.U5
_b.H49 2010
100 _aHeymann, Jody
245 _aProfit at the bottom of the ladder :
_bcreating value by investing in your workforce /
_cJody Heymann with Magda Barrera.
260 _aBoston, Massachusetts :
_bHarvard Business Press,
_c2010.
300 _a268 p. :
_bill. ;
_c25 cm.
521 _aBSBA
650 _aPersonnel mangement
_xUnited States
650 _aQuality of work life
_xUnited States
650 _aMinimum wage
_xUnited States
942 _cBK
_2lcc
_kFOR
999 _c24717
_d24717